| 000 | 00519cam a2200193 4500 | ||
|---|---|---|---|
| 001 | D6191 | ||
| 008 | 090401t1980 xxu||||| |||| 00| 0 eng d | ||
| 035 | _a(Sirsi) u89768 | ||
| 041 | _aeng | ||
| 050 | _a692.9 | ||
| 110 |
_aJoint Contracts Tribunal _93664 |
||
| 245 | _aJCT standard form of nominated sub-contract (NSC/4 and NSC/4a) : formula rules | ||
| 260 |
_bRIBA _c1980 |
||
| 300 | _a20p. 30cm | ||
| 350 | _a3.68 | ||
| 520 | _aFiled in box JCT 1980/19 A (Archives only) | ||
| 942 | _n0 | ||
| 948 | _c04/03/1997 | ||
| 999 |
_c97500 _d97500 |
||